ბათუმის შოთა რუსთაველის სახელმწიფო უნივერსიტეტის ბიბლიოთეკა

ქართული ენა. 1-2 ნაწ. სამუშაო რვეული. (ბიბ.ჩანაწერი № 51410)

000 -LEADER
fixed length control field 00863nam a2200229Ia 4500
001 - CONTROL NUMBER
control field 18395
003 - CONTROL NUMBER IDENTIFIER
control field GE_BSU
008 - FIXED-LENGTH DATA ELEMENTS--GENERAL INFORMATION
fixed length control field 181216s||||||||xx |||||||||||||| ||und||
040 ## - CATALOGING SOURCE
Transcribing agency GE_BSU
080 ## - UNIVERSAL DECIMAL CLASSIFICATION NUMBER
Universal Decimal Classification number 811.353.1-84(076.1)
100 ## - MAIN ENTRY--PERSONAL NAME
Personal name შარაშენიძე, ნინო., გაბუნია, კახა
245 ## - TITLE STATEMENT
Title ქართული ენა. 1-2 ნაწ. სამუშაო რვეული.
245 ## - TITLE STATEMENT
Remainder of title სასწავლო მასალები არაქართულენოვანი მასწავლებლებისთვის
260 ## - PUBLICATION, DISTRIBUTION, ETC.
Place of publication, distribution, etc. თბილისი
260 ## - PUBLICATION, DISTRIBUTION, ETC.
Name of publisher, distributor, etc. საიმედო
260 ## - PUBLICATION, DISTRIBUTION, ETC.
Date of publication, distribution, etc. 2006
300 ## - PHYSICAL DESCRIPTION
Extent 165გვ.29სმ.
653 ## - INDEX TERM--UNCONTROLLED
Uncontrolled term სამუშაო რვეული.
653 ## - INDEX TERM--UNCONTROLLED
Uncontrolled term ქართული ენა.
942 ## - ADDED ENTRY ELEMENTS (KOHA)
Koha item type წიგნი
ეგზემპლარები
Withdrawn status Lost status Damaged status Not for loan Date acquired Barcode Date last seen Price effective from Koha item type
        2018-12-17 47158 2018-12-17 2018-12-17 წიგნი
        2018-12-17 47159 2018-12-17 2018-12-17 წიგნი
        2018-12-17 47160 2018-12-17 2018-12-17 წიგნი
        2018-12-17 47161 2018-12-17 2018-12-17 წიგნი
        2018-12-17 47162 2018-12-17 2018-12-17 წიგნი